000 00472nam a22001697a 4500
003 NUST - PNEC
005 20170116180814.0
008 150515b xxu||||| |||| 00| 0 eng d
040 _cLIBRARY
082 _a363.7056 SHU
100 _93546
_aShukla, S.H.
245 _aThe Global environment an analysis
_cS.K. Shukla
260 _aNew Delhi:
_bCommonwealth Publishers,
300 _a218 p. :
_c22 cm.
650 _93547
_aEnvironment, Health
_xGeneral
942 _2ddc
_cBK
999 _c63464
_d63464